| 000 | 00698nam a2200205 i 4500 | ||
|---|---|---|---|
| 001 | 146119 | ||
| 003 | ES-MaACL | ||
| 005 | 20230906201424.0 | ||
| 007 | t| | ||
| 008 | 070903s1968 sp ||||1| spa d | ||
| 080 | _a632.732.2 | ||
| 100 | 1 |
_aTorres Juan, J. _9110973 |
|
| 245 | 1 | 4 |
_aLos organismo xilófagos y su tratamiento / _cpor J. Juan Torres. |
| 260 |
_aMadrid : _bDirección General de Montes, Caza y Pesca Fluvial, _c1968. |
||
| 300 |
_a53 p. : _bil. ; _c25 cm. |
||
| 650 | 1 | 4 |
_aXilófogos. _917856 |
| 710 | 2 |
_aEspaña. _bServicio de Plagas Forestales. _93976 |
|
| 710 | 1 |
_aEspaña. _bDirección General de Montes, Caza y Pesca Fluvial. _93758 |
|
| 852 |
_aES-MaACL _jC-45546 _bR.67289 |
||
| 999 |
_c146119 _d146119 |
||